| 000 | 00528nam a2200145Ia 4500 | ||
|---|---|---|---|
| 008 | 170221s9999 xx 000 0 und d | ||
| 100 | _aMark Tomlinson | ||
| 245 | _aWhodunnit? Divided Patent Infringement in Light of Akamai Technologies, Inc. v. Limelight Networks, Inc. | ||
| 245 | _cMark Tomlinson | ||
| 260 | _bThe Journal of Business, Entrepreneurship & the Law | ||
| 260 | _c2014 | ||
| 300 | _a4 : 1 | ||
| 650 | _xBusiness | ||
| 856 | _uhttp://digitalcommons.pepperdine.edu/cgi/viewcontent.cgi?article=1104&context=jbel | ||
| 999 |
_c313698 _d313698 |
||